<?xml version="1.0" encoding="UTF-8"?>
<record
    xmlns:xsi="http://www.w3.org/2001/XMLSchema-instance"
    xsi:schemaLocation="http://www.loc.gov/MARC21/slim http://www.loc.gov/standards/marcxml/schema/MARC21slim.xsd"
    xmlns="http://www.loc.gov/MARC21/slim">

  <leader>01362nam a22003255a 4500</leader>
  <controlfield tag="003">EG-ScBUE</controlfield>
  <controlfield tag="005">20211205095358.0</controlfield>
  <controlfield tag="008">190620s2018    ua     f      000 f ara d</controlfield>
  <datafield tag="017" ind1=" " ind2=" ">
    <subfield code="a">2018 / 10129</subfield>
  </datafield>
  <datafield tag="020" ind1=" " ind2=" ">
    <subfield code="a">9789779300092</subfield>
  </datafield>
  <datafield tag="040" ind1=" " ind2=" ">
    <subfield code="a">EG-ScBUE</subfield>
    <subfield code="b">ara</subfield>
    <subfield code="e">rda</subfield>
    <subfield code="c">EG-ScBUE</subfield>
    <subfield code="d">EG-ScBUE</subfield>
  </datafield>
  <datafield tag="041" ind1="1" ind2=" ">
    <subfield code="a">ara</subfield>
    <subfield code="h">aze</subfield>
  </datafield>
  <datafield tag="082" ind1="0" ind2="4">
    <subfield code="a">894.3613</subfield>
    <subfield code="b">&#x623; &#x641; &#x646;</subfield>
    <subfield code="2">22</subfield>
  </datafield>
  <datafield tag="100" ind1="1" ind2=" ">
    <subfield code="a">&#x623;&#x641;&#x646;&#x62F;&#x64A;&#x64A;&#x641;&#x60C; &#x625;&#x644;&#x62A;&#x634;&#x64A;&#x646;&#x60C;</subfield>
    <subfield code="d">1943-</subfield>
    <subfield code="e">&#x645;&#x624;&#x644;&#x641;.</subfield>
  </datafield>
  <datafield tag="245" ind1="1" ind2="2">
    <subfield code="a">&#x627;&#x644;&#x631;&#x623;&#x633; :</subfield>
    <subfield code="b">&#x631;&#x648;&#x627;&#x64A;&#x629; /</subfield>
    <subfield code="c">&#x627;&#x644;&#x643;&#x627;&#x62A;&#x628; &#x627;&#x644;&#x623;&#x630;&#x631;&#x628;&#x64A;&#x62C;&#x627;&#x646;&#x64A; &#x625;&#x644;&#x62A;&#x634;&#x64A;&#x646; &#x623;&#x641;&#x646;&#x62F;&#x64A;&#x64A;&#x641; &#x61B; &#x62A;&#x631;&#x62C;&#x645;&#x629; &#x648;&#x62A;&#x642;&#x62F;&#x64A;&#x645; &#x62F;. &#x623;&#x62D;&#x645;&#x62F; &#x633;&#x627;&#x645;&#x64A; &#x627;&#x644;&#x639;&#x627;&#x64A;&#x62F;&#x64A;&#x60C; &#x645;&#x631;&#x643;&#x632; &#x627;&#x644;&#x62A;&#x631;&#x62C;&#x645;&#x629; &#x627;&#x644;&#x62A;&#x627;&#x628;&#x639; &#x644;&#x631;&#x626;&#x627;&#x633;&#x629; &#x627;&#x644;&#x648;&#x632;&#x631;&#x627;&#x621; &#x627;&#x644;&#x623;&#x630;&#x631;&#x628;&#x64A;&#x62C;&#x627;&#x646;&#x64A;&#x629;.</subfield>
  </datafield>
  <datafield tag="250" ind1=" " ind2=" ">
    <subfield code="a">&#x627;&#x644;&#x637;&#x628;&#x639;&#x629; &#x627;&#x644;&#x623;&#x648;&#x644;&#x649;.</subfield>
  </datafield>
  <datafield tag="264" ind1=" " ind2="1">
    <subfield code="a">&#x627;&#x644;&#x642;&#x627;&#x647;&#x631;&#x629; :</subfield>
    <subfield code="b">&#x645;&#x643;&#x62A;&#x628;&#x629; &#x627;&#x644;&#x622;&#x62F;&#x627;&#x628;&#x60C;</subfield>
    <subfield code="c">2018.</subfield>
  </datafield>
  <datafield tag="300" ind1=" " ind2=" ">
    <subfield code="a">464 &#x635;&#x641;&#x62D;&#x629; &#x61B;</subfield>
    <subfield code="c">22 &#x633;&#x645;</subfield>
  </datafield>
  <datafield tag="336" ind1=" " ind2=" ">
    <subfield code="2">rdacontent</subfield>
    <subfield code="a">&#x646;&#x635;</subfield>
    <subfield code="b">txt</subfield>
  </datafield>
  <datafield tag="337" ind1=" " ind2=" ">
    <subfield code="2">rdamedia</subfield>
    <subfield code="a">&#x628;&#x62F;&#x648;&#x646; &#x648;&#x633;&#x64A;&#x637;</subfield>
    <subfield code="b">n</subfield>
  </datafield>
  <datafield tag="338" ind1=" " ind2=" ">
    <subfield code="2">rdacarrier</subfield>
    <subfield code="a">&#x645;&#x62C;&#x644;&#x62F;</subfield>
    <subfield code="b">nc</subfield>
  </datafield>
  <datafield tag="541" ind1=" " ind2=" ">
    <subfield code="a">Dr. Ahmed Hamad ;</subfield>
    <subfield code="c">Donation ;</subfield>
  </datafield>
  <datafield tag="546" ind1=" " ind2=" ">
    <subfield code="a">&#x627;&#x644;&#x646;&#x635; &#x628;&#x627;&#x644;&#x644;&#x63A;&#x629; &#x627;&#x644;&#x639;&#x631;&#x628;&#x64A;&#x629; &#x61B; &#x645;&#x62A;&#x631;&#x62C;&#x645; &#x645;&#x646; &#x627;&#x644;&#x644;&#x63A;&#x629; &#x627;&#x644;&#x623;&#x630;&#x631;&#x628;&#x64A;&#x62C;&#x627;&#x646;&#x64A;&#x629;.</subfield>
  </datafield>
  <datafield tag="650" ind1=" " ind2="7">
    <subfield code="a">&#x627;&#x644;&#x642;&#x635;&#x635; &#x627;&#x644;&#x623;&#x630;&#x631;&#x628;&#x64A;&#x62C;&#x627;&#x646;&#x64A;&#x629;</subfield>
    <subfield code="y">&#x642;&#x631;&#x646; 21.</subfield>
    <subfield code="2">BUEsh</subfield>
    <subfield code="9">29300</subfield>
  </datafield>
  <datafield tag="651" ind1=" " ind2=" ">
    <subfield code="2">BUEsh</subfield>
  </datafield>
  <datafield tag="653" ind1=" " ind2=" ">
    <subfield code="b">GGEN</subfield>
    <subfield code="c">June2019</subfield>
  </datafield>
  <datafield tag="655" ind1=" " ind2=" ">
    <subfield code="v">Reading book</subfield>
    <subfield code="9">34232</subfield>
  </datafield>
  <datafield tag="700" ind1="1" ind2=" ">
    <subfield code="a">&#x639;&#x627;&#x64A;&#x62F;&#x64A;&#x60C; &#x623;&#x62D;&#x645;&#x62F; &#x633;&#x627;&#x645;&#x64A;&#x60C;</subfield>
    <subfield code="e">&#x645;&#x62A;&#x631;&#x62C;&#x645;.</subfield>
    <subfield code="9">34608</subfield>
  </datafield>
  <datafield tag="942" ind1=" " ind2=" ">
    <subfield code="2">ddc</subfield>
  </datafield>
  <datafield tag="999" ind1=" " ind2=" ">
    <subfield code="c">27558</subfield>
    <subfield code="d">27529</subfield>
  </datafield>
  <datafield tag="952" ind1=" " ind2=" ">
    <subfield code="0">0</subfield>
    <subfield code="1">0</subfield>
    <subfield code="2">ddc</subfield>
    <subfield code="4">0</subfield>
    <subfield code="7">0</subfield>
    <subfield code="8">Donation-G</subfield>
    <subfield code="a">MAIN</subfield>
    <subfield code="b">MAIN</subfield>
    <subfield code="c">2ND</subfield>
    <subfield code="d">2019-06-20</subfield>
    <subfield code="e">Donation</subfield>
    <subfield code="o">894.3613 &#x623; &#x641; &#x646;</subfield>
    <subfield code="p">000047963</subfield>
    <subfield code="r">2025-07-15 00:00:00</subfield>
    <subfield code="x">Donation from Dr. Ahmed Hamad</subfield>
    <subfield code="y">BB</subfield>
  </datafield>
</record>
